ბათუმის შოთა რუსთაველის სახელმწიფო უნივერსიტეტის ბიბლიოთეკა

Elements of Combinatorial Geometry : (ბიბ.ჩანაწერი № 60605)

000 -LEADER
fixed length control field 00835nam a22002057a 4500
005 - DATE AND TIME OF LATEST TRANSACTION
control field 20230920130735.0
008 - FIXED-LENGTH DATA ELEMENTS--GENERAL INFORMATION
fixed length control field 230920s2020 enk||||| |||| 00| 0 eng d
020 ## - INTERNATIONAL STANDARD BOOK NUMBER
International Standard Book Number 9789941824005
041 ## - LANGUAGE CODE
Language code of text/sound track or separate title eng
080 ## - UNIVERSAL DECIMAL CLASSIFICATION NUMBER
Universal Decimal Classification number 519.14 K-42
100 ## - MAIN ENTRY--PERSONAL NAME
Personal name Kharazishvili, A.
9 (RLIN) 2546
245 ## - TITLE STATEMENT
Title Elements of Combinatorial Geometry :
Remainder of title Part 2 /
Statement of responsibility, etc. A. Kharazishvili ; Georgian National Academy of Sciences.
264 ## - PRODUCTION, PUBLICATION, DISTRIBUTION, MANUFACTURE, AND COPYRIGHT NOTICE
Place of production, publication, distribution, manufacture Tbilisi,
Date of production, publication, distribution, manufacture, or copyright notice 2020.
300 ## - PHYSICAL DESCRIPTION
Extent 260 p. ;
Other physical details 24 cm.
500 ## - GENERAL NOTE
General note ბიბლიოგრაფია: გვ. 239-256.
653 ## - INDEX TERM--UNCONTROLLED
keyword დისკრეტული(კომბინირებული) გეომეტრია.
653 ## - INDEX TERM--UNCONTROLLED
keyword კომბინატორული გეომეტრიის ელემენტები
710 ## - ADDED ENTRY--CORPORATE NAME
Corporate name or jurisdiction name as entry element Georgian National Academy of Sciences.
9 (RLIN) 2547
942 ## - ADDED ENTRY ELEMENTS (KOHA)
Source of classification or shelving scheme
Koha item type წიგნი
ეგზემპლარები
Withdrawn status Lost status Source of classification or shelving scheme Damaged status Not for loan Permanent Location Current Location Shelving location Date acquired Cost, normal purchase price Full call number Barcode Date last seen Copy number Uniform Resource Identifier Price effective from Koha item type Public note
          ბათუმის შოთა რუსთაველის სახელმწიფო უნივერსიტეტის მთავარი ბიბლიოთეკა ბათუმის შოთა რუსთაველის სახელმწიფო უნივერსიტეტის მთავარი ბიბლიოთეკა წიგნსაცავი 2023-09-20 12.00 519.14 K-42 29739 2023-09-20 29739 ნაჩუქარი 2023-09-20 წიგნი 12 ლ.